Valute dell'America del Nord - Statistics

Statistiche generali
  • Questo quiz è stato fatto 14 volte
  • Il punteggio medio è 19 su 23
Statistiche sulle risposte
Stato Valuta % Corretto
Canada Dollaro canadese
100%
Antigua e Barbuda Dollaro dei Caraibi Orientali
100%
Dominica Dollaro dei Caraibi Orientali
100%
Grenada Dollaro dei Caraibi Orientali
100%
Saint Kitts e Nevis Dollaro dei Caraibi Orientali
100%
Saint Vincent e Grenadine Dollaro dei Caraibi Orientali
100%
Santa Lucia Dollaro dei Caraibi Orientali
100%
Belize Dollaro del Belize
100%
Bahamas Dollaro delle Bahamas
100%
Barbados Dollaro di Barbados
100%
Trinidad e Tobago Dollaro di Trinidad e Tobago
100%
Giamaica Dollaro giamaicano
100%
El Salvador Dollaro statunitense
100%
Stati Uniti Dollaro statunitense
100%
Cuba Peso cubano
100%
Repubblica Dominicana Peso dominicano
100%
Messico Peso messicano
100%
Guatemala Quetzal guatemalteco
67%
Panama Balboa panamense
44%
Costa Rica Colón costaricano
33%
Nicaragua Córdoba nicaraguense
33%
Haiti Gourde haitiano
33%
Honduras Lempira honduregna
22%
Nessun quiz corrispondente trovato
Distribuzione punteggi
Percentuale di utenti per punteggio
Percentile per numero di risposta
I tuoi punteggi nel tempo
Non hai fatto questo quiz